000 00394nam a2200169Ia 4500
008 230524s9999 xx 000 0 und d
082 _a621.382
_bTHA
100 _aB.R.Gupta
245 0 _aDigital Electronics
250 _a1ST
260 _aNEW DELHI
_bKatson
_c2007
300 _aXIV;1568
500 _aQuantity Number: 2
650 _aElectronics
700 _a V.Singhal
942 _cBK
999 _c35554
_d35554